000 00360 a2200109 4500
001 ART_9749
005 20260410161838.0
008 260409a
245 1 0 _aLa auditoría y el procesamiento electrónico de la información
100 1 _aNardelli, Jorge R.
773 0 _tContabilidad y administración
_g- Año 6, Nº 69 (mar. 1983)
_wREV5485
999 _c23869
_d23869